Biện pháp quản lý hoạt động dạy học môn Giáo dục Quốc phòng - An ninh tại trường Đại học Dân lập Duy Tân

Cơ sở lý luận của đề tài; Thực trạng quản lý hoạt động dạy học môn GDQP-AN ở trường đại học dân lập Duy Tân; Một số biện pháp quản lý học động dạy học môn GDQP-AN ở trung tâm GDTC&QP trường đại học dân lập Duy Tân...

Uloženo v:
Podrobná bibliografie
Hlavní autor: Lê Đức Trọng
Další autoři: Nguyễn Sỹ Thư T.S (Hướng dẫn)
Médium: Kniha
Vydáno: Đà Nẵng Đại học Đà Nẵng 2012
Témata:
Tagy: Přidat tag
Žádné tagy, Buďte první, kdo otaguje tento záznam!
Thư viện lưu trữ: Mạng thư viện Đại học Đà Nẵng
LEADER 01914nam a2200325 4500
001 000017803
003 14229
005 20130830100818.0
008 130606s2012 sd
082 |a 378.197  |b LÊ-T 
100 |a Lê Đức Trọng 
245 |a Biện pháp quản lý hoạt động dạy học môn Giáo dục Quốc phòng - An ninh tại trường Đại học Dân lập Duy Tân  |c Lê Đức Trọng ; Nguyễn Sỹ Thư hướng dẫn.  |k Luận văn Thạc sĩ 
260 |a Đà Nẵng  |b Đại học Đà Nẵng  |c 2012 
300 |a 104 tr., phụ lục 6 tr.  |c 29 cm.  |e CD + tóm tắt 
500 |a Luận văn thạc sĩ Giáo dục học. Chuyên ngành: Quản lý giáo dục. Mã số: 60.14.05. 
520 |a Cơ sở lý luận của đề tài; Thực trạng quản lý hoạt động dạy học môn GDQP-AN ở trường đại học dân lập Duy Tân; Một số biện pháp quản lý học động dạy học môn GDQP-AN ở trung tâm GDTC&QP trường đại học dân lập Duy Tân... 
650 0 4 |a Giáo dục đại học  |v Luận văn tốt nghiệp  |x Quản lý  |z Đà Nẵng 
650 0 4 |a Hoạt động dạy học  |v Luận văn tốt nghiệp  |x Trường đại học dân lập Duy Tân 
653 |a Quản lý giáo dục.  |a Trường đại học dân lập Duy Tân  |a Giáo dục đại học  |a Hoạt động dạy học 
700 |a Nguyễn Sỹ Thư  |c T.S  |e Hướng dẫn 
OWN |a LSP 
AVA |a UDN50  |b LSP  |d 378.197 LÊ-T  |e available  |t Error 5001 Not defined in file expand_doc_bib_avail.  |f 1  |g 0  |h N  |i 0  |k 1 
999 |a From the UDN01 
AVA |a UDN50  |b LSP  |d 378.197 LÊ-T  |e available  |t Error 5001 Not defined in file expand_doc_bib_avail.  |f 1  |g 0  |h N  |i 0  |k 1 
TYP |a Monograph 
TYP |a Printed language 
980 |a Mạng thư viện Đại học Đà Nẵng